000 00724nam a2200277Ia 4500
001 43048
005 20240114003531.0
007 ta
008 080804s1981 g b000 u 465 u
040 _aCottonCollege,Assam
041 _a465
082 _a425
_bC 815 G
100 _aCornelius, L.A .
245 0 _aGrammar and Composition For Schools /
_cL.A Cornelius.
_hTextual Documents
250 _aIst ed /
260 _aNew Delhi :
_bOrient Longman ,
_c1981.
300 _a383p ;
_c17cm.
653 _aEnglish Grammar
653 _aEnglish Grammar
653 _aEnglish Grammar
653 _aEnglsh-Grammar
653 _aT/G-English
942 _2ddc
_cBK
999 _c43014
_d43014